| Tag |
First Indicator |
Second Indicator |
Subfields |
| LEADER |
00000cas a2200000 a 4500 |
| 001 |
in00000686113 |
| 005 |
20151015161713.0 |
| 008 |
790403c19799999enkqrzp 0 a0eng d |
| 010 |
|
|
|a 81640445
|z sn 79000874
|
| 012 |
|
|
|a 4
|b 3
|e n
|i 8407
|k 1
|m 1
|
| 022 |
0 |
|
|a 0142-1123
|
| 030 |
|
|
|a IJFADB
|
| 032 |
|
|
|a 469970
|b USPS
|
| 035 |
|
|
|a (OCoLC)ocm04815819
|
| 035 |
|
|
|a (OCoLC)04815819
|
| 035 |
|
|
|9 ACZ4165AM
|
| 037 |
|
|
|b IPC Business Press (Sales & Distribution) Ltd., Oakfield House, Perrymount Rd., Haywards Heath, Sussex, Eng., RH16 3DH
|
| 040 |
|
|
|a NSD
|c NSD
|d DLC
|d NSD
|d NST
|d OCL
|d DLC
|d NST
|d SER
|d AIP
|d NST
|d AIP
|d NST
|d AIP
|d NST
|d WAU
|d CUS
|d UtOrBLW
|
| 042 |
|
|
|a lc
|a nsdp
|
| 049 |
|
|
|a TXAM
|
| 050 |
0 |
0 |
|a TA418.38
|b .I53
|
| 082 |
0 |
|
|a 620.1/123/05
|
| 210 |
0 |
|
|a Int. j. fatigue
|
| 222 |
|
0 |
|a International journal of fatigue
|
| 245 |
0 |
0 |
|a International journal of fatigue.
|
| 264 |
|
1 |
|a [Guildford, England] :
|b IPC Science and Technology Press,
|c 1979-
|
| 300 |
|
|
|a volumes :
|b illustrations ;
|c 30 cm.
|
| 310 |
|
|
|a Quarterly
|
| 336 |
|
|
|a text
|b txt
|2 rdacontent
|
| 337 |
|
|
|a unmediated
|b n
|2 rdamedia
|
| 338 |
|
|
|a volume
|b nc
|2 rdacarrier
|
| 362 |
0 |
|
|a Vol. 1, no. 1 (Jan. 1979)-
|
| 510 |
2 |
|
|a Electronics and communications abstracts journal (Riverdale)
|x 0361-3313
|
| 510 |
2 |
|
|a ISMEC bulletin
|x 0306-0039
|
| 510 |
2 |
|
|a Pollution abstracts with indexes
|x 0032-3624
|
| 510 |
2 |
|
|a Safety science abstracts journal
|x 0160-1342
|
| 510 |
2 |
|
|a Engineering index annual (1968)
|x 0360-8557
|
| 510 |
2 |
|
|a Engineering index monthly (1984)
|x 0742-1974
|
| 510 |
2 |
|
|a Engineering index bioengineering abstracts
|x 0736-6213
|
| 510 |
2 |
|
|a Engineering index energy abstracts
|x 0093-8408
|
| 510 |
2 |
|
|a International aerospace abstracts
|x 0020-5842
|
| 510 |
2 |
|
|a Computer & control abstracts
|x 0036-8113
|b Jan. 1980-
|
| 510 |
2 |
|
|a Electrical & electronics abstracts
|x 0036-8105
|b Jan. 1980-
|
| 510 |
2 |
|
|a Physics abstracts. Science abstracts. Series A
|x 0036-8091
|b Jan. 1980-
|
| 510 |
2 |
|
|a Metals abstracts
|x 0026-0924
|
| 510 |
2 |
|
|a World aluminum abstracts
|x 0002-6697
|
| 510 |
2 |
|
|a Chemical abstracts
|x 0009-2258
|
| 510 |
2 |
|
|a Energy research abstracts
|b Nov. 1979-
|x 0160-3604
|
| 525 |
|
|
|a Supplements accompany some vols.
|
| 530 |
|
|
|a Available also by subscription via the World Wide Web.
|
| 650 |
|
0 |
|a Materials
|x Fatigue
|x Periodicals.
|
| 850 |
|
|
|a AU
|a CLSU
|a CLU-P
|a CSt
|a CU-A
|a CU-S
|a CU-SB
|a CaAEU
|a CaOOM
|a CaOTU
|a CaOWA
|a CaOWtU
|a CoU
|a DGW
|a DLC
|a DeU
|a ICIU
|a IU
|a IaAS
|a KU
|a KyU
|
| 850 |
|
|
|a MCM
|a MiDW
|a MiU
|a MnU
|a MoKL
|a MoU
|a NBuU-SE
|a NIC
|a NN
|a NNC
|a NRU
|a NTR
|a NcD
|a NcRS
|a OCU
|a OkU
|a PBL
|a PPiC
|a RPB
|a RPB-S
|a ScCleU
|a TxArU
|a TxCM
|a TxHR
|a TxU
|a UU
|a ViBlbV
|a ViU
|a WU-E
|a WaU
|a WyU
|
| 936 |
|
|
|a Jan. 1980
|
| 948 |
|
|
|a MFHD URL added
|b h
|c 2002/8/15
|d c
|e bsurratt
|f 10:37:27 am
|
| 994 |
|
|
|a E0
|b TXA
|
| 999 |
|
|
|a MARS
|
| 999 |
f |
f |
|s 2836fbef-d241-3bab-b281-93b4027198b3
|i 56059336-4893-310e-9cf6-cd47d0af7773
|t 0
|
| 952 |
f |
f |
|p ric
|a Texas A&M University
|b Rellis Campus
|c Joint Library Facility
|d Remote Storage
|t 0
|e TA418.38 .I57
|h Library of Congress classification
|i unmediated -- volume
|k v.15:no.4 -v.15:no.6
|l 1993-1993
|m A14817238768
|
| 952 |
f |
f |
|p ric
|a Texas A&M University
|b Rellis Campus
|c Joint Library Facility
|d Remote Storage
|t 0
|e TA418.38 .I57
|h Library of Congress classification
|i unmediated -- volume
|k v.17:no.5 -v.17:no.8
|l 1995-1995
|m A14820277373
|
| 952 |
f |
f |
|p ric
|a Texas A&M University
|b Rellis Campus
|c Joint Library Facility
|d Remote Storage
|t 0
|e TA418.38 .I57
|h Library of Congress classification
|i unmediated -- volume
|k v.19:no.6 -v.19:no.10
|l 1997-1997
|m A14823583430
|
| 952 |
f |
f |
|p ric
|a Texas A&M University
|b Rellis Campus
|c Joint Library Facility
|d Remote Storage
|t 0
|e TA418.38 .I57
|h Library of Congress classification
|i unmediated -- volume
|k v.19:no.1 -v.19:no.5
|l 1997-1997
|m A14837710170
|
| 952 |
f |
f |
|p ric
|a Texas A&M University
|b Rellis Campus
|c Joint Library Facility
|d Remote Storage
|t 0
|e TA418.38 .I57
|h Library of Congress classification
|i unmediated -- volume
|k v.12
|l 1990
|m A14815156368
|
| 952 |
f |
f |
|p ric
|a Texas A&M University
|b Rellis Campus
|c Joint Library Facility
|d Remote Storage
|t 0
|e TA418.38 .I57
|h Library of Congress classification
|i unmediated -- volume
|k v.21:no.9-10
|l 1999:Oct.-Nov.
|m A14825982965
|
| 952 |
f |
f |
|p ric
|a Texas A&M University
|b Rellis Campus
|c Joint Library Facility
|d Remote Storage
|t 0
|e TA418.38 .I57
|h Library of Congress classification
|i unmediated -- volume
|k v.18:no.5 -v.18:no.8
|l 1996-1996
|m A14821114138
|
| 952 |
f |
f |
|p ric
|a Texas A&M University
|b Rellis Campus
|c Joint Library Facility
|d Remote Storage
|t 0
|e TA418.38 .I57
|h Library of Congress classification
|i unmediated -- volume
|k v.13:no.4 -v.13:no.6
|l 1991-1991
|m A14815693093
|
| 952 |
f |
f |
|p ric
|a Texas A&M University
|b Rellis Campus
|c Joint Library Facility
|d Remote Storage
|t 0
|e TA418.38 .I57
|h Library of Congress classification
|i unmediated -- volume
|k v.22:no.6-10
|l 2000
|m A14827887682
|
| 952 |
f |
f |
|p ric
|a Texas A&M University
|b Rellis Campus
|c Joint Library Facility
|d Remote Storage
|t 0
|e TA418.38 .I57
|h Library of Congress classification
|i unmediated -- volume
|k v.15:no.1 -v.15:no.3
|l 1993-1993
|m A14817909694
|
| 952 |
f |
f |
|p ric
|a Texas A&M University
|b Rellis Campus
|c Joint Library Facility
|d Remote Storage
|t 0
|e TA418.38 .I57
|h Library of Congress classification
|i unmediated -- volume
|k v.21:no.6-8
|l 1999:July-Sept.
|m A14825746458
|
| 952 |
f |
f |
|p ric
|a Texas A&M University
|b Rellis Campus
|c Joint Library Facility
|d Remote Storage
|t 0
|e TA418.38 .I57
|h Library of Congress classification
|i unmediated -- volume
|k v.24:no.5-8
|l 2002
|m A14830199381
|
| 952 |
f |
f |
|p ric
|a Texas A&M University
|b Rellis Campus
|c Joint Library Facility
|d Remote Storage
|t 0
|e TA418.38 .I57
|h Library of Congress classification
|i unmediated -- volume
|k v.14
|l 1992
|m A14817009876
|
| 952 |
f |
f |
|p ric
|a Texas A&M University
|b Rellis Campus
|c Joint Library Facility
|d Remote Storage
|t 0
|e TA418.38 .I57
|h Library of Congress classification
|i unmediated -- volume
|k v.13:no.1 -v.13:no.3
|l 1991-1991
|m A14822420817
|
| 952 |
f |
f |
|p ric
|a Texas A&M University
|b Rellis Campus
|c Joint Library Facility
|d Remote Storage
|t 0
|e TA418.38 .I57
|h Library of Congress classification
|i unmediated -- volume
|k v.16:no.5 -v.16:no.8
|l 1994-1994
|m A14819072142
|
| 952 |
f |
f |
|p ric
|a Texas A&M University
|b Rellis Campus
|c Joint Library Facility
|d Remote Storage
|t 0
|e TA418.38 .I57
|h Library of Congress classification
|i unmediated -- volume
|k v.20:no.1 -v.20:no.5
|l 1998-1998
|m A14823583587
|
| 952 |
f |
f |
|p ric
|a Texas A&M University
|b Rellis Campus
|c Joint Library Facility
|d Remote Storage
|t 0
|e TA418.38 .I57
|h Library of Congress classification
|i unmediated -- volume
|k v.1-2
|l 1979-80
|m A14826147356
|
| 952 |
f |
f |
|p ric
|a Texas A&M University
|b Rellis Campus
|c Joint Library Facility
|d Remote Storage
|t 0
|e TA418.38 .I57
|h Library of Congress classification
|i unmediated -- volume
|k v.23:no.6-10
|l 2001
|m A14830199852
|
| 952 |
f |
f |
|p ric
|a Texas A&M University
|b Rellis Campus
|c Joint Library Facility
|d Remote Storage
|t 0
|e TA418.38 .I57
|h Library of Congress classification
|i unmediated -- volume
|k v.3 -v.4
|l 1981-1982
|m A14820309293
|
| 952 |
f |
f |
|p ric
|a Texas A&M University
|b Rellis Campus
|c Joint Library Facility
|d Remote Storage
|t 0
|e TA418.38 .I57
|h Library of Congress classification
|i unmediated -- volume
|k v.11
|l 1989
|m A14812886998
|
| 952 |
f |
f |
|p ric
|a Texas A&M University
|b Rellis Campus
|c Joint Library Facility
|d Remote Storage
|t 0
|e TA418.38 .I57
|h Library of Congress classification
|i unmediated -- volume
|k v.20:no.6 -v.20:no.10
|l 1998-1998
|m A14824012539
|
| 952 |
f |
f |
|p ric
|a Texas A&M University
|b Rellis Campus
|c Joint Library Facility
|d Remote Storage
|t 0
|e TA418.38 .I57
|h Library of Congress classification
|i unmediated -- volume
|k v.23:no.1-5
|l 2001
|m A14827887925
|
| 952 |
f |
f |
|p ric
|a Texas A&M University
|b Rellis Campus
|c Joint Library Facility
|d Remote Storage
|t 0
|e TA418.38 .I57
|h Library of Congress classification
|i unmediated -- volume
|k v.17:no.1 -v.17:no.4
|l 1995-1995
|m A14820277365
|
| 952 |
f |
f |
|p ric
|a Texas A&M University
|b Rellis Campus
|c Joint Library Facility
|d Remote Storage
|t 0
|e TA418.38 .I57
|h Library of Congress classification
|i unmediated -- volume
|k v.24:no.1-4
|l 2002
|m A14830199771
|
| 952 |
f |
f |
|p ric
|a Texas A&M University
|b Rellis Campus
|c Joint Library Facility
|d Remote Storage
|t 0
|e TA418.38 .I57
|h Library of Congress classification
|i unmediated -- volume
|k v.21:no.1-5
|l 1999:Jan.-May
|m A14825386517
|
| 952 |
f |
f |
|p ric
|a Texas A&M University
|b Rellis Campus
|c Joint Library Facility
|d Remote Storage
|t 0
|e TA418.38 .I57
|h Library of Congress classification
|i unmediated -- volume
|k v.16:no.1 -v.16:no.4
|l 1994-1994
|m A14819172196
|
| 952 |
f |
f |
|p ric
|a Texas A&M University
|b Rellis Campus
|c Joint Library Facility
|d Remote Storage
|t 0
|e TA418.38 .I57
|h Library of Congress classification
|i unmediated -- volume
|k v.24:no.9-12
|l 2002
|m A14830199420
|
| 952 |
f |
f |
|p ric
|a Texas A&M University
|b Rellis Campus
|c Joint Library Facility
|d Remote Storage
|t 0
|e TA418.38 .I57
|h Library of Congress classification
|i unmediated -- volume
|k v.7 -v.8
|l 1985-1986
|m A14811377085
|
| 952 |
f |
f |
|p ric
|a Texas A&M University
|b Rellis Campus
|c Joint Library Facility
|d Remote Storage
|t 0
|e TA418.38 .I57
|h Library of Congress classification
|i unmediated -- volume
|k v.18:no.1 -v.18:no.4
|l 1996-1996
|m A14821115304
|
| 952 |
f |
f |
|p ric
|a Texas A&M University
|b Rellis Campus
|c Joint Library Facility
|d Remote Storage
|t 0
|e TA418.38 .I57
|h Library of Congress classification
|i unmediated -- volume
|k v.9 -v.10
|l 1987-1988
|m A14811845355
|
| 952 |
f |
f |
|p ric
|a Texas A&M University
|b Rellis Campus
|c Joint Library Facility
|d Remote Storage
|t 0
|e TA418.38 .I57
|h Library of Congress classification
|i unmediated -- volume
|k v.22:no.1-5
|l 2000
|m A14827887721
|
| 952 |
f |
f |
|p ric
|a Texas A&M University
|b Rellis Campus
|c Joint Library Facility
|d Remote Storage
|t 0
|e TA418.38 .I57
|h Library of Congress classification
|i unmediated -- volume
|k v.5-6
|l 1983-84
|m A14837710219
|
| 952 |
f |
f |
|p ric
|a Texas A&M University
|b Rellis Campus
|c Joint Library Facility
|d Remote Storage
|t 0
|e TA418.38 .I57
|h Library of Congress classification
|i unmediated -- volume
|k v.19:Supplement
|l 1997
|m A14823625957
|
| 952 |
f |
f |
|p ric
|a Texas A&M University
|b Rellis Campus
|c Joint Library Facility
|d Remote Storage
|t 0
|e TA418.38 .I57
|h Library of Congress classification
|i unmediated -- volume
|k v.23:Supplement
|l 2001
|m A14830199810
|
| 998 |
f |
f |
|a TA418.38 .I57
|s v.1-24 (1979-2002)
|t 0
|l Remote Storage
|